| 000 | 00883nas a2200265 4500 | ||
|---|---|---|---|
| 001 | BR2016003085 | ||
| 003 | BR-BrBNA | ||
| 005 | 20231205130523.0 | ||
| 007 | ta | ||
| 008 | 230509b bl.|||p| |||| 00| 00por d | ||
| 040 |
_aBR-BrBNA _bpor _cBiblioteca Nacional de Agricultura |
||
| 041 | _a(Pt) | ||
| 072 | _aL60; L40 | ||
| 100 | 1 | _aMalafaia, P. | |
| 100 | 1 | _aLopes, P.R.D. | |
| 100 | 1 | _aSampaio, C.L.S. | |
| 100 | 1 | _aOliveira-Silva, J.T. de | |
| 245 | 1 | _aPrimeiros registros de Zenopsis conchifer (Lowe, 1852)e Evoxymetopon taeniatus Gill, 1863 (Actinopterygii: Zeidae: Trichiuridae)para o estado da Bahia, Brasil | |
| 650 | _aREGISTRO | ||
| 650 | _aPEIXE MARINHO | ||
| 650 | _aBAHIA | ||
| 773 | 0 |
_tArquivos de Ciências do Mar (Brazil) _xISSN 0374-5686 _g(Jul 2015), v. 48(1) p. 96-99 _wBR2016003085 |
|
| 909 |
_a202311 _bLúcia _c55 _dLúcia Elande |
||
| 942 |
_2AGRIS _n0 _cANA |
||
| 999 |
_c249911 _d249911 |
||